Easy NBA Trivia #2 - Statistics

General Stats
  • This quiz has been taken 271 times
  • The average score is 13 of 15
Answer Stats
Question Answer % Correct
Who led the Chicago Bulls to 6 NBA Championships? Michael Jordan
98%
What team plays in Chicago? Bulls
96%
Which NBA team had these players: Larry Bird, Kevin McHale, Bill Russell Celtics
94%
Which of these players has never won a ring? Chris Paul
92%
Who was Shaq's wingman? Kobe Bryant
92%
Who won 11 championships with the Boston Celtics? Bill Russell
90%
Which team plays in Portland Trailblazers
89%
What three stars formed, "The Heatles"? LeBron, DWade, Chris Bosh
87%
Who averaged a triple double for an entire season? Russell Westbrook
87%
Who best Mavericks player of all time? Dirk Nowitzki
85%
What team does Damian Lillard play for? Trailblazers
81%
Which explosive guard became the youngest MVP in 2011? Derrick Rose
80%
What team was nicknamed "Lob City", for having Blake Griffin and Deandre Jordan Clippers
78%
Which NBA team is coached by Greg Popovich? Spurs
67%
Who is Spike Lee's favorite team Knicks
57%
No matching quizzes found
Score Distribution
Percent of People with Each Score
Percentile by Number Answered
Your Score History
You have not taken this quiz